Nombra todos los países de habla hispana - Estadísticas

Estadísticas generales
  • Esta prueba ha sido intentada 231 veces
  • La puntuación promedio es 17 de 20
Estadísticas de respuestas
Continente País % Correcto
Sudamérica Argentina
97%
Europa España
96%
Norteamérica México
96%
Sudamérica Colombia
95%
Sudamérica Chile
94%
Sudamérica Venezuela
92%
Sudamérica Perú
91%
Sudamérica Uruguay
91%
Sudamérica Paraguay
86%
Sudamérica Bolivia
84%
Sudamérica Ecuador
84%
Norteamérica Cuba
83%
Norteamérica El Salvador
83%
Norteamérica Costa Rica
78%
Norteamérica Panamá
78%
Norteamérica Guatemala
74%
Norteamérica Honduras
74%
Norteamérica Nicaragua
73%
Norteamérica República Dominicana
69%
África Guinea Ecuatorial
55%
No se encontraron pruebas coincidentes
Distribución de puntuación
Porcentaje de gente con cada puntuación
Porcentaje por número respondido
Historial de tus puntuaciones
No has intentado esta prueba.